000 00871nam a2200253Ia 4500
003 GCL
005 20240530104839.0
008 140319s9999 xx 000 0 ara d
020 _a6028376977
040 _aGCL /
_cGCL
082 0 4 _a270
_bز ا
100 1 _aزينب عبدالعزيز
245 1 0 _aالالحاد واسبابه : الصفحة السوداء للكنيسة /
_cزينب عبدالعزيز
260 _aالقاهرة :
_bدار الكتاب العربى ،
_c2004
300 _a198 ص ؛
_c25 سم
490 _aصليبية الغرب وحضارته
_v2
650 0 4 _aالعهد القديم
650 0 4 _aالعهد الجديد
650 0 4 _aالقساوسة
650 0 4 _aالمسيحية - تاريخ
650 0 4 _aالمسيحية والالحاد
650 0 4 _aالمسيحية والحرية الدينية
942 _2ddc
_cBK
999 _c51137
_d51137